<?xml version="1.0" encoding="UTF-8"?>
<marc:record xmlns:marc="http://www.loc.gov/MARC21/slim">
   <marc:leader>00000nam a2200000 a 4500</marc:leader>
   <marc:datafield ind1="1" ind2=" " tag="100">
      <marc:subfield code="a">Ederer, Matthias</marc:subfield>
      <marc:subfield code="4">aut</marc:subfield>
      <marc:subfield code="e">Verfasser/-in</marc:subfield>
   </marc:datafield>
   <marc:datafield ind1=" " ind2=" " tag="653">
      <marc:subfield code="a">Exegese</marc:subfield>
   </marc:datafield>
   <marc:datafield ind1=" " ind2=" " tag="653">
      <marc:subfield code="a">Itinerar</marc:subfield>
   </marc:datafield>
   <marc:datafield ind1=" " ind2=" " tag="653">
      <marc:subfield code="a">Exodus</marc:subfield>
   </marc:datafield>
   <marc:datafield ind1="0" ind2="0" tag="245">
      <marc:subfield code="a">Aufbrüche zur Exodustheologie</marc:subfield>
   </marc:datafield>
   <marc:datafield ind1="0" ind2="0" tag="245">
      <marc:subfield code="b">das Itinerar Num 33,1-49 als theologische Deutung der Wüstenzeit Israels</marc:subfield>
   </marc:datafield>
   <marc:datafield ind1="0" ind2="0" tag="245">
      <marc:subfield code="c">Matthias Ederer</marc:subfield>
   </marc:datafield>
   <marc:datafield ind1=" " ind2="1" tag="264">
      <marc:subfield code="a">Stuttgart</marc:subfield>
      <marc:subfield code="b">kbw, Bibelwerk</marc:subfield>
      <marc:subfield code="c">2014</marc:subfield>
   </marc:datafield>
   <marc:datafield ind1="1" ind2=" " tag="490">
      <marc:subfield code="a">Stuttgarter Bibelstudien</marc:subfield>
      <marc:subfield code="v">231</marc:subfield>
   </marc:datafield>
   <marc:datafield ind1="1" ind2=" " tag="520">
      <marc:subfield code="a">Angaben aus der Verlagsmeldung

Aufbrüche zur Exodustheologie : Das Itinerar Num 33,1-49 als theologische Deutung der Wüstenzeit Israels. / von Matthias Ederer

Auf den ersten Blick mag Num 33,1-49 "eintönig" und "inhaltsarm" wirken. Tatsächlich jedoch erweist sich die Perikope als ungemein reich an interessanten theologischen Inhalten. Im Gespräch mit zentralen Textpassagen der Tora entwirft sie eine eigenwillig akzentuierte Gesamtdeutung der "Gründungsgeschichte" Israels, wenn sie Israels Aufbrüche auf dem Weg von Ägypten bis an die Grenzen des Verheißenen Landes einerseits als "Auszüge", d.h. als Teiletappen des Exodus, andererseits aber als ein gelingendes Beziehungsgeschehen zwischen Israel und seinem Gott profiliert. Sie gewichtet Teiletappen, "periodisiert" die Wüstenwanderung und zwingt den Leser dazu, in Ex 12-Num 22 bereits Gelesenes neu zu überdenken.
</marc:subfield>
   </marc:datafield>
   <marc:datafield ind1=" " ind2=" " tag="020">
      <marc:subfield code="a">9783460033146</marc:subfield>
      <marc:subfield code="9">9783460033146</marc:subfield>
   </marc:datafield>
   <marc:datafield ind1=" " ind2=" " tag="020">
      <marc:subfield code="a">3460033142</marc:subfield>
      <marc:subfield code="9">3460033142</marc:subfield>
   </marc:datafield>
   <marc:datafield ind1=" " ind2=" " tag="041">
      <marc:subfield code="a">ger</marc:subfield>
   </marc:datafield>
   <marc:datafield ind1=" " ind2=" " tag="300">
      <marc:subfield code="a">195 S.</marc:subfield>
   </marc:datafield>
</marc:record>
